1449 1192 1624 1113 1634 1796 1437 1395 1488 1644 1893 1436 1563 1479 1116 1050 1308 1786 1901 1803 1327 1772 1812 1243 1742 1735 1436 1050 1092 1648 1064 1774 1942 1305 1459 1378 1705 1550 1316 1818 1680 1691 1722 1115 1270 1021 1461 1708 1354 1245 1119 1599 1773 1341 1942 1145 1711 1737 1578 1245 1615 1183 1062 1479 1904 1229 1347 1848 1978 1208 1348 1540 1191 1490 1128 1619 1003 1819 1694 1482 1022 1620 1540 1490 1657 1436 1052 1062 1253 1013 1288 1124 1434 1357 1241 1724 1552 1633 1812 BCNSPRNW ULIB Ver.6.0+V

เปลี่ยนเป็นภาษาไทย

Change to English
 แสดงรายละเอียดบรรณานุกรม
  กลับหน้าหลัก

Brief Record : Get Marc (ISO 2709) : E-mail record : QR code < ปิดหน้าต่าง
LEADER : 00000nam 2200000uu 4500
001    13399113897
003     ULIB
008    110320s||||||||th 000 0 tha d
099    วจ.WQ200^bด148ก
100 0  ดลฤดี เพชรขว้าง
245 00 การตั้งครรภ์วัยรุ่นและปัจจัยที่เกี่ยวข้องต่อการตั้งครรภ์ในสตรีวัยรุ่น/^cดลฤดี เพชรขว้าง,จรรยา แก้วใจบุญ,เรณู บุญทา และ กัลยา จันทร์สุข
260    พะเยา :^bวิทยาลัยพยาบาลบรมราชชนนี พะเยา,^c2554
300    95 หน้า :^bตาราง
500    รายงานการวิจัย
650  7 การตั้งครรภ์ในวัยรุ่น^xวิจัย
700 02 จรรยา แก้วใจบุญ
700 02 เรณู บุญทา
700 02 กัลยา จันทร์สุข
710 2  วิทยาลัยพยาบาลบรมราชชนนี. ^bพะเยา
945    ^p0^l0^i030958
995    ทศพร
999 ^a ใช้งานได้ทุกระบบ
รายการนี้ยังไม่มีแท็ก
คุณยังไม่ได้ล็อกอิน คุณสามารถมีกิจกรรมร่วมกับเว็บไซต์ได้ แต่ต้องล็อกอินก่อน ::
  ล็อกอิน

รายการสื่อสารสนเทศ

ลำดับที่ ประเภท เลขเรียก/บาร์โค้ด สถานที่ สถานะ
1. งานวิจัย
งานวิจัย
วจ.WQ200 ด148ก ฉ.1 
  Barcode: 030958
ห้องสมุดวิทยาเขตสวรรค์ประชารักษ์
►วิจัย
บนชั้น

BibComment


ยังไม่เคยถูกคอมเมนท์

คอมเมนท์ทรัพยากรรายการนี้
  คอมเมนท์: การตั้งครรภ์วัยรุ..


 Copyright 2026. Bcnsprnw @Library